[Event "April 9 Late 2024"]
[Site "Chess.com"]
[Date "2024.04.09"]
[Round "7"]
[White "Valtiner, Adamo"]
[Black "Gerbelli Neto, Eduardo"]
[Result "1/2-1/2"]
[Board "123"]
[WhiteFideId "1647962"]
[BlackFideId "2103281"]
[WhiteTitle "CM"]
[WhiteElo "2205"]
[BlackElo "2372"]
[WhiteTeam "AUT"]
[BlackTeam "BRA"]
[WhiteClock "0:00:51"]
[BlackClock "0:00:17"]
[Variant "Standard"]

1. e4 {[%clk 0:03:00]}  e5 {[%clk 0:02:59]} 2. c4 {[%clk 0:02:59]}  Bc5 {[%clk 0:02:58]} 3. Nc3 {[%clk 0:03:00]}  Nf6 {[%clk 0:02:57]} 4. g3 {[%clk 0:03:00]}  Nc6 {[%clk 0:02:53]} 5. Bg2 {[%clk 0:03:00]}  d6 {[%clk 0:02:54]} 6. Nge2 {[%clk 0:03:01]}  O-O {[%clk 0:02:52]} 7. d3 {[%clk 0:02:59]}  a5 {[%clk 0:02:52]} 8. O-O {[%clk 0:02:58]}  Bg4 {[%clk 0:02:48]} 9. h3 {[%clk 0:02:58]}  Be6 {[%clk 0:02:46]} 10. Be3 {[%clk 0:02:57]}  Nd7 {[%clk 0:02:37]} 11. Qd2 {[%clk 0:02:54]}  f5 {[%clk 0:02:32]} 12. f4 {[%clk 0:02:55]}  a4 {[%clk 0:02:08]} 13. Nd5 {[%clk 0:02:52]}  Nd4 {[%clk 0:01:36]} 14. Nxd4 {[%clk 0:02:41]}  exd4 {[%clk 0:01:35]} 15. Bf2 {[%clk 0:02:42]}  c6 {[%clk 0:01:36]} 16. Nb4 {[%clk 0:02:43]}  a3 {[%clk 0:01:29]} 17. b3 {[%clk 0:02:33]}  Qa5 {[%clk 0:01:28]} 18. Be1 {[%clk 0:02:33]}  Nf6 {[%clk 0:01:21]} 19. Nc2 {[%clk 0:02:25]}  Qxd2 {[%clk 0:01:18]} 20. Bxd2 {[%clk 0:02:25]}  fxe4 {[%clk 0:01:18]} 21. dxe4 {[%clk 0:02:24]}  d3+ {[%clk 0:01:12]} 22. Ne3 {[%clk 0:02:23]}  d5 {[%clk 0:01:12]} 23. cxd5 {[%clk 0:02:16]}  cxd5 {[%clk 0:01:13]} 24. e5 {[%clk 0:02:04]}  Ne4 {[%clk 0:01:13]} 25. Bxe4 {[%clk 0:02:02]}  dxe4 {[%clk 0:01:13]} 26. Kh2 {[%clk 0:01:59]}  Rac8 {[%clk 0:01:04]} 27. Rac1 {[%clk 0:01:57]}  Bd4 {[%clk 0:01:03]} 28. f5 {[%clk 0:01:49]}  Bxe3 {[%clk 0:00:58]} 29. Bxe3 {[%clk 0:01:44]}  Bxf5 {[%clk 0:00:58]} 30. Rxc8 {[%clk 0:01:39]}  Bxc8 {[%clk 0:00:58]} 31. Rxf8+ {[%clk 0:01:30]}  Kxf8 {[%clk 0:00:59]} 32. g4 {[%clk 0:01:28]}  Kf7 {[%clk 0:00:59]} 33. Kg3 {[%clk 0:01:29]}  Ke6 {[%clk 0:00:59]} 34. Kf4 {[%clk 0:01:29]}  Kd5 {[%clk 0:00:59]} 35. Bc1 {[%clk 0:01:25]}  Be6 {[%clk 0:00:50]} 36. Ke3 {[%clk 0:01:22]}  Kxe5 {[%clk 0:00:49]} 37. Bxa3 {[%clk 0:01:23]}  g6 {[%clk 0:00:47]} 38. Bb2+ {[%clk 0:01:23]}  Kd5 {[%clk 0:00:47]} 39. Bc3 {[%clk 0:01:20]}  b5 {[%clk 0:00:47]} 40. Bb2 {[%clk 0:01:18]}  h5 {[%clk 0:00:47]} 41. gxh5 {[%clk 0:01:18]}  gxh5 {[%clk 0:00:48]} 42. h4 {[%clk 0:01:18]}  Bf5 {[%clk 0:00:45]} 43. Bf6 {[%clk 0:01:17]}  Kc5 {[%clk 0:00:45]} 44. Be7+ {[%clk 0:01:16]}  Kd5 {[%clk 0:00:43]} 45. Bb4 {[%clk 0:01:16]}  Bg4 {[%clk 0:00:41]} 46. Bf8 {[%clk 0:01:16]}  Bd1 {[%clk 0:00:41]} 47. Be7 {[%clk 0:01:07]}  Bc2 {[%clk 0:00:41]} 48. Bf8 {[%clk 0:01:02]}  Bb1 {[%clk 0:00:41]} 49. a4 {[%clk 0:01:03]}  bxa4 {[%clk 0:00:36]} 50. bxa4 {[%clk 0:01:04]}  Kc4 {[%clk 0:00:36]} 51. a5 {[%clk 0:01:00]}  Kb5 {[%clk 0:00:33]} 52. Kd2 {[%clk 0:00:54]}  Ba2 {[%clk 0:00:28]} 53. Bg7 {[%clk 0:00:53]}  Kxa5 {[%clk 0:00:27]} 54. Bh6 {[%clk 0:00:52]}  Kb5 {[%clk 0:00:27]} 55. Be3 {[%clk 0:00:51]}  Kc4 {[%clk 0:00:27]} 56. Bg5 {[%clk 0:00:51]}  Kd5 {[%clk 0:00:27]} 57. Be3 {[%clk 0:00:52]}  Ke5 {[%clk 0:00:28]} 58. Bg5 {[%clk 0:00:53]}  Kf5 {[%clk 0:00:28]} 59. Ke3 {[%clk 0:00:53]}  Bb1 {[%clk 0:00:25]} 60. Kd2 {[%clk 0:00:52]}  Kg4 {[%clk 0:00:24]} 61. Ke3 {[%clk 0:00:53]}  Kg3 {[%clk 0:00:23]} 62. Kd2 {[%clk 0:00:53]}  Bc2 {[%clk 0:00:19]} 63. Ke3 {[%clk 0:00:51]}  Kg4 {[%clk 0:00:18]} 64. Kd2 {[%clk 0:00:51]}  Kf3 {[%clk 0:00:19]} 65. Bh6 {[%clk 0:00:51]}  Kg4 {[%clk 0:00:18]} 66. Bg5 {[%clk 0:00:51]}  Kf3 {[%clk 0:00:18]} 67. Bh6 {[%clk 0:00:51]}  Kg4 {[%clk 0:00:17]} 68. Bg5 {[%clk 0:00:51]} 1/2-1/2

[Event "April 9 Late 2024"]
[Site "Chess.com"]
[Date "2024.04.09"]
[Round "7"]
[White "Mesa Cruz, Juan Carlos"]
[Black "Floresvillar Gonzalez, Luis Migu"]
[Result "1-0"]
[Board "124"]
[WhiteFideId "6423400"]
[BlackFideId "5100542"]
[WhiteTitle "CM"]
[BlackTitle "CM"]
[WhiteElo "2365"]
[BlackElo "2147"]
[WhiteTeam "DOM"]
[BlackTeam "MEX"]
[WhiteClock "0:01:41"]
[BlackClock "0:02:07"]
[Variant "Standard"]

1. e4 {[%clk 0:02:47]}  c6 {[%clk 0:02:39]} 2. Nc3 {[%clk 0:02:41]}  d5 {[%clk 0:02:40]} 3. Nf3 {[%clk 0:02:42]}  Nf6 {[%clk 0:02:37]} 4. exd5 {[%clk 0:02:40]}  Nxd5 {[%clk 0:02:37]} 5. Ne4 {[%clk 0:02:31]}  Bf5 {[%clk 0:02:32]} 6. Ng3 {[%clk 0:02:21]}  Bg6 {[%clk 0:02:32]} 7. h4 {[%clk 0:02:17]}  h6 {[%clk 0:02:31]} 8. Ne5 {[%clk 0:02:12]}  Bh7 {[%clk 0:02:28]} 9. Qh5 {[%clk 0:02:06]}  g6 {[%clk 0:02:22]} 10. Qf3 {[%clk 0:02:04]}  f5 {[%clk 0:02:19]} 11. Nxf5 {[%clk 0:01:53]}  Nd7 {[%clk 0:02:13]} 12. Nd6+ {[%clk 0:01:41]}  exd6 {[%clk 0:02:07]} 13. Qf7# {[%clk 0:01:41]} 1-0

[Event "April 9 Late 2024"]
[Site "Chess.com"]
[Date "2024.04.09"]
[Round "7"]
[White "Lutz, Igor Oscar"]
[Black "Haszon, David"]
[Result "1-0"]
[Board "126"]
[WhiteFideId "2110806"]
[BlackFideId "733610"]
[BlackTitle "FM"]
[WhiteElo "1994"]
[BlackElo "2347"]
[WhiteTeam "BRA"]
[BlackTeam "HUN"]
[WhiteClock "0:00:27"]
[BlackClock "0:01:35"]
[Variant "Standard"]

1. d4 {[%clk 0:02:59]}  d5 {[%clk 0:02:58]} 2. c4 {[%clk 0:02:58]}  e6 {[%clk 0:02:58]} 3. Nf3 {[%clk 0:02:55]}  Nf6 {[%clk 0:02:58]} 4. g3 {[%clk 0:02:55]}  Be7 {[%clk 0:02:56]} 5. Qc2 {[%clk 0:02:55]}  a6 {[%clk 0:02:55]} 6. Bg2 {[%clk 0:02:56]}  O-O {[%clk 0:02:54]} 7. O-O {[%clk 0:02:56]}  dxc4 {[%clk 0:02:54]} 8. Qxc4 {[%clk 0:02:56]}  b5 {[%clk 0:02:54]} 9. Qc2 {[%clk 0:02:56]}  Bb7 {[%clk 0:02:55]} 10. Nc3 {[%clk 0:02:55]}  Nbd7 {[%clk 0:02:54]} 11. e4 {[%clk 0:02:54]}  b4 {[%clk 0:02:53]} 12. e5 {[%clk 0:02:51]}  bxc3 {[%clk 0:02:52]} 13. exf6 {[%clk 0:02:50]}  cxb2 {[%clk 0:02:41]} 14. fxe7 {[%clk 0:02:02]}  bxa1=Q {[%clk 0:02:40]} 15. exd8=Q {[%clk 0:02:02]}  Rfxd8 {[%clk 0:02:39]} 16. Ba3 {[%clk 0:01:48]}  Be4 {[%clk 0:02:31]} 17. Qd2 {[%clk 0:01:18]}  Qxf1+ {[%clk 0:02:25]} 18. Kxf1 {[%clk 0:01:19]}  Nf6 {[%clk 0:02:23]} 19. Ne5 {[%clk 0:01:15]}  Rd5 {[%clk 0:02:12]} 20. Bxe4 {[%clk 0:01:10]}  Nxe4 {[%clk 0:02:08]} 21. Qc2 {[%clk 0:01:00]}  Rxd4 {[%clk 0:02:04]} 22. Qxc7 {[%clk 0:00:55]}  Ng5 {[%clk 0:01:55]} 23. h4 {[%clk 0:00:48]}  f6 {[%clk 0:01:54]} 24. hxg5 {[%clk 0:00:41]}  fxe5 {[%clk 0:01:35]} 25. Qe7 {[%clk 0:00:27]} 1-0

[Event "April 9 Late 2024"]
[Site "Chess.com"]
[Date "2024.04.09"]
[Round "7"]
[White "Schut, Han"]
[Black "Burke, Paul"]
[Result "1-0"]
[Board "127"]
[WhiteFideId "1005561"]
[BlackFideId "2605767"]
[WhiteTitle "CM"]
[WhiteElo "2282"]
[BlackElo "1980"]
[WhiteTeam "NED"]
[BlackTeam "CAN"]
[WhiteClock "0:00:44"]
[BlackClock "0:00:00"]
[Variant "Standard"]

1. e4 {[%clk 0:02:57]}  e5 {[%clk 0:02:55]} 2. Nf3 {[%clk 0:02:57]}  Nc6 {[%clk 0:02:54]} 3. Bc4 {[%clk 0:02:58]}  Be7 {[%clk 0:02:54]} 4. d4 {[%clk 0:02:57]}  exd4 {[%clk 0:02:53]} 5. c3 {[%clk 0:02:57]}  d6 {[%clk 0:02:43]} 6. cxd4 {[%clk 0:02:57]}  Nf6 {[%clk 0:02:41]} 7. Nc3 {[%clk 0:02:56]}  O-O {[%clk 0:02:40]} 8. Bd3 {[%clk 0:02:45]}  Bg4 {[%clk 0:02:37]} 9. Be3 {[%clk 0:02:43]}  h6 {[%clk 0:01:56]} 10. Rc1 {[%clk 0:02:31]}  a6 {[%clk 0:01:44]} 11. a3 {[%clk 0:02:31]}  Re8 {[%clk 0:01:36]} 12. Bb1 {[%clk 0:02:31]}  Bf8 {[%clk 0:01:29]} 13. Qc2 {[%clk 0:02:28]}  g6 {[%clk 0:01:28]} 14. Ng1 {[%clk 0:02:07]}  Bg7 {[%clk 0:01:18]} 15. f3 {[%clk 0:02:05]}  Bd7 {[%clk 0:01:18]} 16. Nge2 {[%clk 0:02:00]}  Ne7 {[%clk 0:00:59]} 17. h4 {[%clk 0:01:55]}  c6 {[%clk 0:00:57]} 18. g4 {[%clk 0:01:54]}  Bxg4 {[%clk 0:00:53]} 19. fxg4 {[%clk 0:01:50]}  Nxg4 {[%clk 0:00:52]} 20. Qd2 {[%clk 0:01:45]}  Nxe3 {[%clk 0:00:49]} 21. Qxe3 {[%clk 0:01:45]}  f5 {[%clk 0:00:49]} 22. h5 {[%clk 0:01:17]}  fxe4 {[%clk 0:00:33]} 23. hxg6 {[%clk 0:01:11]}  Nf5 {[%clk 0:00:25]} 24. Qf4 {[%clk 0:01:02]}  Nxd4 {[%clk 0:00:18]} 25. Nxd4 {[%clk 0:00:57]}  Rf8 {[%clk 0:00:13]} 26. Qe3 {[%clk 0:00:54]}  d5 {[%clk 0:00:10]} 27. Nce2 {[%clk 0:00:49]}  c5 {[%clk 0:00:10]} 28. Rxc5 {[%clk 0:00:48]}  b6 {[%clk 0:00:00]} 29. Rc6 {[%clk 0:00:44]} 1-0

[Event "April 9 Late 2024"]
[Site "Chess.com"]
[Date "2024.04.09"]
[Round "7"]
[White "Da Silva, Giovanni B Tavares"]
[Black "Pesotskiy, Mikhail"]
[Result "0-1"]
[Board "130"]
[WhiteFideId "22743090"]
[BlackFideId "34164453"]
[BlackTitle "FM"]
[WhiteElo "2242"]
[BlackElo "2498"]
[WhiteTeam "BRA"]
[BlackTeam "RUS"]
[WhiteClock "0:00:03"]
[BlackClock "0:01:13"]
[Variant "Standard"]

1. e4 {[%clk 0:02:58]}  e6 {[%clk 0:03:00]} 2. d4 {[%clk 0:02:57]}  d5 {[%clk 0:03:00]} 3. Nd2 {[%clk 0:02:58]}  Be7 {[%clk 0:02:59]} 4. e5 {[%clk 0:02:56]}  c5 {[%clk 0:02:59]} 5. c3 {[%clk 0:02:57]}  Nc6 {[%clk 0:02:59]} 6. Ne2 {[%clk 0:02:57]}  Nh6 {[%clk 0:02:55]} 7. f4 {[%clk 0:02:56]}  Nf5 {[%clk 0:02:51]} 8. Nf3 {[%clk 0:02:55]}  cxd4 {[%clk 0:02:52]} 9. cxd4 {[%clk 0:02:56]}  Qb6 {[%clk 0:02:50]} 10. g4 {[%clk 0:02:50]}  Bb4+ {[%clk 0:02:49]} 11. Kf2 {[%clk 0:02:49]}  Nfe7 {[%clk 0:02:45]} 12. a3 {[%clk 0:02:40]}  Ba5 {[%clk 0:02:38]} 13. b4 {[%clk 0:02:40]}  Nxb4 {[%clk 0:02:38]} 14. axb4 {[%clk 0:02:41]}  Bxb4 {[%clk 0:02:39]} 15. Rb1 {[%clk 0:02:12]}  a5 {[%clk 0:02:37]} 16. Ba3 {[%clk 0:02:08]}  Nc6 {[%clk 0:02:38]} 17. Bxb4 {[%clk 0:01:57]}  Nxb4 {[%clk 0:02:38]} 18. h4 {[%clk 0:01:47]}  O-O {[%clk 0:02:38]} 19. Kg3 {[%clk 0:01:37]}  Bd7 {[%clk 0:02:38]} 20. Nc1 {[%clk 0:01:03]}  Rfc8 {[%clk 0:02:30]} 21. Nd3 {[%clk 0:01:04]}  Qc7 {[%clk 0:02:25]} 22. Nxb4 {[%clk 0:00:59]}  axb4 {[%clk 0:02:24]} 23. Rxb4 {[%clk 0:01:00]}  Ra3 {[%clk 0:02:21]} 24. Be2 {[%clk 0:00:49]}  h6 {[%clk 0:02:15]} 25. Qb1 {[%clk 0:00:39]}  Ba4 {[%clk 0:01:59]} 26. Qb2 {[%clk 0:00:36]}  Qc3 {[%clk 0:01:54]} 27. Qxc3 {[%clk 0:00:36]}  Rcxc3 {[%clk 0:01:55]} 28. Kf2 {[%clk 0:00:29]}  Bc2 {[%clk 0:01:56]} 29. Rc1 {[%clk 0:00:26]}  Be4 {[%clk 0:01:46]} 30. Rxc3 {[%clk 0:00:22]}  Rxc3 {[%clk 0:01:47]} 31. Nd2 {[%clk 0:00:21]}  Bc2 {[%clk 0:01:43]} 32. Rxb7 {[%clk 0:00:21]}  g6 {[%clk 0:01:42]} 33. Rb8+ {[%clk 0:00:19]}  Kg7 {[%clk 0:01:42]} 34. Nf3 {[%clk 0:00:17]}  Be4 {[%clk 0:01:40]} 35. Rb2 {[%clk 0:00:13]}  Bc2 {[%clk 0:01:31]} 36. h5 {[%clk 0:00:11]}  gxh5 {[%clk 0:01:27]} 37. gxh5 {[%clk 0:00:12]}  Be4 {[%clk 0:01:28]} 38. Ra2 {[%clk 0:00:11]}  Rc7 {[%clk 0:01:20]} 39. Ra1 {[%clk 0:00:11]}  Kh7 {[%clk 0:01:19]} 40. Rg1 {[%clk 0:00:11]}  Rb7 {[%clk 0:01:19]} 41. Ne1 {[%clk 0:00:10]}  Rb3 {[%clk 0:01:18]} 42. Rg3 {[%clk 0:00:09]}  Rb4 {[%clk 0:01:19]} 43. Bd3 {[%clk 0:00:07]}  Rxd4 {[%clk 0:01:19]} 44. Bxe4+ {[%clk 0:00:08]}  Rxe4 {[%clk 0:01:20]} 45. Nd3 {[%clk 0:00:05]}  Ra4 {[%clk 0:01:20]} 46. Re3 {[%clk 0:00:05]}  Ra2+ {[%clk 0:01:21]} 47. Kg3 {[%clk 0:00:05]}  Rh2 {[%clk 0:01:22]} 48. Rf3 {[%clk 0:00:05]}  Rxh5 {[%clk 0:01:22]} 49. Kg4 {[%clk 0:00:04]}  Rh1 {[%clk 0:01:22]} 50. f5 {[%clk 0:00:04]}  Rg1+ {[%clk 0:01:21]} 51. Kf4 {[%clk 0:00:04]}  exf5 {[%clk 0:01:13]} 52. Kxf5 {[%clk 0:00:04]}  Kg7 {[%clk 0:01:14]} 53. Nf4 {[%clk 0:00:03]}  Rg5# {[%clk 0:01:13]} 0-1

[Event "April 9 Late 2024"]
[Site "Chess.com"]
[Date "2024.04.09"]
[Round "7"]
[White "Almeida Junior, Alvaro Alves de"]
[Black "Guevara Sanchez, Erick Marvin"]
[Result "1-0"]
[Board "132"]
[WhiteFideId "2149974"]
[BlackFideId "6700136"]
[BlackTitle "FM"]
[WhiteElo "2397"]
[BlackElo "2198"]
[WhiteTeam "BRA"]
[BlackTeam "ESA"]
[WhiteClock "0:01:43"]
[BlackClock "0:00:53"]
[Variant "Standard"]

1. e4 {[%clk 0:03:00]}  c5 {[%clk 0:02:58]} 2. Nf3 {[%clk 0:03:00]}  Nc6 {[%clk 0:02:58]} 3. c4 {[%clk 0:02:57]}  e5 {[%clk 0:02:54]} 4. Nc3 {[%clk 0:02:56]}  Be7 {[%clk 0:02:51]} 5. Be2 {[%clk 0:02:47]}  d6 {[%clk 0:02:47]} 6. O-O {[%clk 0:02:47]}  h5 {[%clk 0:02:46]} 7. d3 {[%clk 0:02:47]}  h4 {[%clk 0:02:43]} 8. Be3 {[%clk 0:02:43]}  g5 {[%clk 0:02:38]} 9. Ne1 {[%clk 0:02:41]}  Nf6 {[%clk 0:02:34]} 10. Bxg5 {[%clk 0:02:40]}  Be6 {[%clk 0:02:33]} 11. f4 {[%clk 0:02:38]}  exf4 {[%clk 0:02:26]} 12. Bxf4 {[%clk 0:02:37]}  Qd7 {[%clk 0:02:22]} 13. Nd5 {[%clk 0:02:36]}  O-O-O {[%clk 0:02:14]} 14. b4 {[%clk 0:02:36]}  Rdg8 {[%clk 0:02:12]} 15. bxc5 {[%clk 0:02:33]}  dxc5 {[%clk 0:02:06]} 16. Qa4 {[%clk 0:02:32]}  Ng4 {[%clk 0:01:44]} 17. Nb6+ {[%clk 0:02:30]}  Kd8 {[%clk 0:01:32]} 18. Nxd7 {[%clk 0:02:29]}  Kxd7 {[%clk 0:01:32]} 19. Bxg4 {[%clk 0:02:27]}  Bxg4 {[%clk 0:01:32]} 20. Nf3 {[%clk 0:02:08]}  Kc8 {[%clk 0:01:20]} 21. Ne5 {[%clk 0:02:00]}  Nd4 {[%clk 0:01:17]} 22. Qd7+ {[%clk 0:01:55]}  Kb8 {[%clk 0:01:14]} 23. Nxg4+ {[%clk 0:01:45]}  Ka8 {[%clk 0:00:53]} 24. Qxe7 {[%clk 0:01:43]} 1-0

[Event "April 9 Late 2024"]
[Site "Chess.com"]
[Date "2024.04.09"]
[Round "7"]
[White "Marino Bravo, Miguel Angel"]
[Black "Palacio,Igor Da Paz"]
[Result "0-1"]
[Board "133"]
[WhiteFideId "2208970"]
[BlackFideId "2121140"]
[WhiteTitle "CM"]
[WhiteElo "2176"]
[BlackElo "2330"]
[WhiteTeam "ESP"]
[BlackTeam "BRA"]
[WhiteClock "0:00:00"]
[BlackClock "0:00:06"]
[Variant "Standard"]

1. d4 {[%clk 0:02:54]}  Nf6 {[%clk 0:02:59]} 2. Bf4 {[%clk 0:02:54]}  g6 {[%clk 0:02:58]} 3. Nc3 {[%clk 0:02:53]}  d6 {[%clk 0:02:57]} 4. e4 {[%clk 0:02:53]}  c6 {[%clk 0:02:57]} 5. Qd2 {[%clk 0:02:53]}  b5 {[%clk 0:02:57]} 6. f3 {[%clk 0:02:54]}  a6 {[%clk 0:02:43]} 7. Nge2 {[%clk 0:02:42]}  Nbd7 {[%clk 0:02:41]} 8. e5 {[%clk 0:02:40]}  Nd5 {[%clk 0:02:40]} 9. Nxd5 {[%clk 0:02:39]}  cxd5 {[%clk 0:02:39]} 10. exd6 {[%clk 0:02:39]}  exd6 {[%clk 0:02:37]} 11. O-O-O {[%clk 0:02:37]}  Be7 {[%clk 0:02:31]} 12. Bh6 {[%clk 0:02:28]}  Qc7 {[%clk 0:02:26]} 13. Nc3 {[%clk 0:02:26]}  Nb6 {[%clk 0:02:24]} 14. Re1 {[%clk 0:02:25]}  Be6 {[%clk 0:02:23]} 15. Bg5 {[%clk 0:01:52]}  O-O-O {[%clk 0:02:18]} 16. Bxe7 {[%clk 0:01:50]}  Qxe7 {[%clk 0:02:18]} 17. g4 {[%clk 0:01:38]}  Kb7 {[%clk 0:02:10]} 18. h3 {[%clk 0:01:36]}  Rc8 {[%clk 0:02:02]} 19. f4 {[%clk 0:01:27]}  Qf6 {[%clk 0:01:39]} 20. Bg2 {[%clk 0:01:15]}  Nc4 {[%clk 0:01:29]} 21. Qd3 {[%clk 0:01:09]}  Qxf4+ {[%clk 0:01:27]} 22. Kb1 {[%clk 0:00:57]}  Nb6 {[%clk 0:01:20]} 23. Rhf1 {[%clk 0:00:47]}  Qg5 {[%clk 0:01:16]} 24. Rf2 {[%clk 0:00:31]}  Rc7 {[%clk 0:01:08]} 25. Rfe2 {[%clk 0:00:31]}  Rhc8 {[%clk 0:01:01]} 26. a3 {[%clk 0:00:28]}  h5 {[%clk 0:00:53]} 27. gxh5 {[%clk 0:00:21]}  Qxh5 {[%clk 0:00:52]} 28. Qg3 {[%clk 0:00:21]}  Rc6 {[%clk 0:00:38]} 29. Qf4 {[%clk 0:00:15]}  R8c7 {[%clk 0:00:11]} 30. Na2 {[%clk 0:00:14]}  a5 {[%clk 0:00:09]} 31. Nc3 {[%clk 0:00:13]}  b4 {[%clk 0:00:06]} 32. Nb5 {[%clk 0:00:13]}  Rd7 {[%clk 0:00:06]} 33. axb4 {[%clk 0:00:12]}  axb4 {[%clk 0:00:05]} 34. b3 {[%clk 0:00:09]}  Qf5 {[%clk 0:00:05]} 35. Qxf5 {[%clk 0:00:00]}  Bxf5 {[%clk 0:00:06]} 0-1

[Event "April 9 Late 2024"]
[Site "Chess.com"]
[Date "2024.04.09"]
[Round "7"]
[White "Antunes, Luciano Justi"]
[Black "Ramirez Madrid, Gerardo Alfonso"]
[Result "1-0"]
[Board "135"]
[WhiteFideId "2126893"]
[BlackFideId "6505945"]
[BlackTitle "FM"]
[WhiteElo "2138"]
[BlackElo "2264"]
[WhiteTeam "BRA"]
[BlackTeam "CRC"]
[WhiteClock "0:01:22"]
[BlackClock "0:00:00"]
[Variant "Standard"]

1. e4 {[%clk 0:03:00]}  c5 {[%clk 0:02:59]} 2. Nf3 {[%clk 0:03:00]}  d6 {[%clk 0:02:58]} 3. d4 {[%clk 0:02:59]}  cxd4 {[%clk 0:02:59]} 4. Nxd4 {[%clk 0:03:00]}  Nf6 {[%clk 0:02:59]} 5. Nc3 {[%clk 0:03:00]}  a6 {[%clk 0:02:59]} 6. Bg5 {[%clk 0:03:00]}  Nbd7 {[%clk 0:02:57]} 7. Qe2 {[%clk 0:03:00]}  h6 {[%clk 0:02:43]} 8. Bh4 {[%clk 0:02:56]}  g5 {[%clk 0:02:43]} 9. Bg3 {[%clk 0:02:54]}  Bg7 {[%clk 0:02:43]} 10. O-O-O {[%clk 0:02:53]}  Nc5 {[%clk 0:02:31]} 11. h4 {[%clk 0:02:50]}  Bd7 {[%clk 0:01:35]} 12. hxg5 {[%clk 0:02:48]}  hxg5 {[%clk 0:01:33]} 13. Rxh8+ {[%clk 0:02:48]}  Bxh8 {[%clk 0:01:34]} 14. e5 {[%clk 0:02:47]}  dxe5 {[%clk 0:01:18]} 15. Bxe5 {[%clk 0:02:43]}  Qb6 {[%clk 0:01:05]} 16. Nb3 {[%clk 0:02:26]}  Nxb3+ {[%clk 0:00:57]} 17. axb3 {[%clk 0:02:24]}  O-O-O {[%clk 0:00:52]} 18. Qc4+ {[%clk 0:02:11]}  Qc6 {[%clk 0:00:40]} 19. Qxf7 {[%clk 0:02:01]}  Re8 {[%clk 0:00:07]} 20. Bc4 {[%clk 0:01:49]}  b5 {[%clk 0:00:05]} 21. Bxf6 {[%clk 0:01:31]}  Bxf6 {[%clk 0:00:04]} 22. Bd5 {[%clk 0:01:28]}  Qb6 {[%clk 0:00:03]} 23. Ne4 {[%clk 0:01:23]}  Qxf2 {[%clk 0:00:00]} 24. Nxf2 {[%clk 0:01:22]} 1-0

[Event "April 9 Late 2024"]
[Site "Chess.com"]
[Date "2024.04.09"]
[Round "7"]
[White "Gonzalez Zharikov, Andrey"]
[Black "Qian, Ashley"]
[Result "1-0"]
[Board "136"]
[WhiteFideId "5145287"]
[BlackFideId "2636280"]
[WhiteTitle "CM"]
[BlackTitle "WCM"]
[WhiteElo "2255"]
[BlackElo "2130"]
[WhiteTeam "MEX"]
[BlackTeam "CAN"]
[WhiteClock "0:02:13"]
[BlackClock "0:00:00"]
[Variant "Standard"]

1. e4 {[%clk 0:03:00]}  e5 {[%clk 0:02:57]} 2. Nf3 {[%clk 0:03:00]}  Nc6 {[%clk 0:02:54]} 3. Bb5 {[%clk 0:03:00]}  Nf6 {[%clk 0:02:54]} 4. Qe2 {[%clk 0:03:00]}  Bd6 {[%clk 0:02:48]} 5. O-O {[%clk 0:02:59]}  O-O {[%clk 0:02:45]} 6. d3 {[%clk 0:02:59]}  a6 {[%clk 0:02:45]} 7. Ba4 {[%clk 0:02:59]}  b5 {[%clk 0:02:39]} 8. Bb3 {[%clk 0:02:59]}  Na5 {[%clk 0:02:40]} 9. Nbd2 {[%clk 0:02:56]}  c6 {[%clk 0:02:33]} 10. c3 {[%clk 0:02:54]}  Nxb3 {[%clk 0:02:33]} 11. axb3 {[%clk 0:02:54]}  Bc7 {[%clk 0:02:11]} 12. d4 {[%clk 0:02:51]}  d6 {[%clk 0:01:37]} 13. h3 {[%clk 0:02:44]}  Re8 {[%clk 0:01:24]} 14. Qd3 {[%clk 0:02:42]}  Qe7 {[%clk 0:01:21]} 15. Re1 {[%clk 0:02:41]}  c5 {[%clk 0:01:04]} 16. d5 {[%clk 0:02:36]}  Nh5 {[%clk 0:00:31]} 17. Nf1 {[%clk 0:02:34]}  Qf6 {[%clk 0:00:28]} 18. Bg5 {[%clk 0:02:31]}  Nf4 {[%clk 0:00:25]} 19. Qe3 {[%clk 0:02:21]}  Qg6 {[%clk 0:00:25]} 20. Bxf4 {[%clk 0:02:21]}  exf4 {[%clk 0:00:25]} 21. Qxf4 {[%clk 0:02:20]}  Bxh3 {[%clk 0:00:21]} 22. Ng3 {[%clk 0:02:20]}  Bd7 {[%clk 0:00:20]} 23. Nh4 {[%clk 0:02:18]}  Qg4 {[%clk 0:00:18]} 24. Qxg4 {[%clk 0:02:18]}  Bxg4 {[%clk 0:00:18]} 25. Nhf5 {[%clk 0:02:19]}  Kf8 {[%clk 0:00:14]} 26. f3 {[%clk 0:02:19]}  Bxf5 {[%clk 0:00:13]} 27. Nxf5 {[%clk 0:02:20]}  g6 {[%clk 0:00:14]} 28. Ng3 {[%clk 0:02:19]}  c4 {[%clk 0:00:11]} 29. b4 {[%clk 0:02:19]}  Bb6+ {[%clk 0:00:10]} 30. Kf1 {[%clk 0:02:19]}  Kg7 {[%clk 0:00:09]} 31. Ke2 {[%clk 0:02:15]}  h5 {[%clk 0:00:08]} 32. Nf1 {[%clk 0:02:13]}  f5 {[%clk 0:00:05]} 33. Kd2 {[%clk 0:02:13]}  fxe4 {[%clk 0:00:04]} 34. Rxe4 {[%clk 0:02:13]}  Rxe4 {[%clk 0:00:05]} 35. fxe4 {[%clk 0:02:14]}  a5 {[%clk 0:00:04]} 36. bxa5 {[%clk 0:02:13]}  Bxa5 {[%clk 0:00:03]} 37. Ke2 {[%clk 0:02:13]}  Ra7 {[%clk 0:00:03]} 38. Ne3 {[%clk 0:02:12]}  Bb6 {[%clk 0:00:03]} 39. Rxa7+ {[%clk 0:02:12]}  Bxa7 {[%clk 0:00:04]} 40. Nc2 {[%clk 0:02:12]}  Kf6 {[%clk 0:00:03]} 41. Na3 {[%clk 0:02:13]}  Bc5 {[%clk 0:00:01]} 42. Nxb5 {[%clk 0:02:12]}  Ke5 {[%clk 0:00:00]} 43. Kf3 {[%clk 0:02:13]} 1-0